000 00444ntaaa2200181 4500
003 01
005 20251027202847.0
008 0714s1973 ag 01
040 _aAR-BaBN
_bspa
_cAR-BaBN
_eaacr
_dRIC
082 _a269.0000 G76
100 _aGraham, Billy
_9740
245 _aCruzada por television
250 _a1 ed.
260 _aMinneapolis :
_bWorld Wide Publicaciones,
_c1971
300 _a63 p
650 _aevangelización
942 _cBK
999 _c23970
_d23970